[Event "Ct. Tarragona indiv. Absolut"]
[Site "L'Hospitalet de l'Infant"]
[Date "2013.10.06"]
[Round "1"]
[White "Fernandez Soriano, R."]
[Black "Marin Martorell, J."]
[Result "1-0"]
[WhiteElo "2122"]
[BlackElo "1815"]
[PlyCount "71"]
[EventDate "2013.??.??"]
[EventType "swiss"]
[EventRounds "9"]

1. d4 Nf6 2. Nc3 g6 3. e4 d6 4. Bg5 Bg7 5. f4 O-O 6. e5 dxe5 7. dxe5 Nfd7 8.
Bc4 h6 9. Bh4 g5 10. fxg5 hxg5 11. Bxg5 Nxe5 12. Bb3 Nbc6 13. Qh5 Bg4 14. Qh4
Qd7 15. Nge2 Qf5 16. Rf1 Qg6 17. O-O-O Qh5 18. Qxh5 Bxh5 19. h3 Bxe2 20. Nxe2
Rad8 21. Nf4 Rxd1+ 22. Rxd1 e6 23. Nh5 Na5 24. Ba4 c6 25. c3 Nac4 26. Bc2 f6
27. Bh4 Bh8 28. Bb3 Kf7 29. Bxc4 Nxc4 30. Rd7+ Kg6 31. g4 Rf7 32. Rd8 Rh7 33.
b3 e5 34. Bg3 Nb6 35. c4 Rd7 36. Rxh8 1-0

[Event "Ct. Tarragona indiv. Absolut"]
[Site "L'Hospitalet de l'Infant"]
[Date "2013.10.06"]
[Round "1"]
[White "Garustowitz Ramirez, N."]
[Black "Plasencia Martinez, V."]
[Result "0-1"]
[WhiteElo "1820"]
[BlackElo "2191"]
[PlyCount "88"]
[EventDate "2013.??.??"]
[EventType "swiss"]
[EventRounds "9"]

1. e4 e5 2. b3 Nf6 3. Nc3 Bc5 4. h3 O-O 5. Nf3 Nc6 6. d3 d5 7. Bd2 Bd4 8. Rb1
Re8 9. exd5 Nxd5 10. Ne2 Qe7 11. Ng3 Nc3 12. Bxc3 Bxc3+ 13. Nd2 e4 14. dxe4 Nb4
15. a3 Rd8 16. axb4 Rxd2 17. Qxd2 Bxd2+ 18. Kxd2 Qxb4+ 19. Kd1 Qd4+ 20. Ke2 Qc3
21. Kd1 Be6 22. Bd3 Rd8 23. Ke2 g6 24. Rhd1 h5 25. Kf1 h4 26. Ne2 Qe5 27. f4
Qc5 28. f5 gxf5 29. exf5 Bxf5 30. b4 Qe5 31. Ng1 Bxd3+ 32. cxd3 Qf5+ 33. Nf3
Rxd3 34. Ke2 Qe4+ 35. Kf2 Rxd1 36. Rxd1 Qxb4 37. Rd8+ Kg7 38. Rd4 Qc5 39. Ke3
a5 40. Ke4 a4 41. Nxh4 a3 42. Nf5+ Kf6 43. g4 a2 44. h4 Qe5+ 0-1

[Event "Ct. Tarragona indiv. Absolut"]
[Site "L'Hospitalet de l'Infant"]
[Date "2013.10.06"]
[Round "1"]
[White "Girona Masdeu, J."]
[Black "Bru Rullo, L."]
[Result "0-1"]
[WhiteElo "1817"]
[BlackElo "2151"]
[PlyCount "54"]
[EventDate "2013.??.??"]
[EventType "swiss"]
[EventRounds "9"]

1. Nf3 e6 2. c4 Nf6 3. g3 b6 4. Bg2 Bb7 5. O-O c5 6. Nc3 Be7 7. Re1 Ne4 8. Nxe4
Bxe4 9. d3 Bb7 10. e4 O-O 11. d4 cxd4 12. Nxd4 d6 13. b3 a6 14. Bb2 Nd7 15. Qe2
Qc7 16. Rad1 Rac8 17. f4 Qb8 18. h3 Rfe8 19. Qg4 Bf6 20. Ba3 Nc5 21. f5 Bxd4+
22. Rxd4 exf5 23. Qxf5 Re5 24. Qf4 Ne6 25. Bxd6 Nxf4 26. Bxb8 Nxg2 27. Red1
Rxb8 0-1

[Event "Ct. Tarragona indiv. Absolut"]
[Site "L'Hospitalet de l'Infant"]
[Date "2013.10.06"]
[Round "1"]
[White "Haynes, M."]
[Black "Guasch Figuerola, A."]
[Result "0-1"]
[WhiteElo "1786"]
[BlackElo "2072"]
[PlyCount "53"]
[EventDate "2013.??.??"]
[EventType "swiss"]
[EventRounds "9"]

1. e4 c5 2. Nf3 b6 3. d4 cxd4 4. Nxd4 Bb7 5. Nc3 a6 6. Be3 g6 7. Qd2 Bg7 8.
O-O-O d6 9. f4 Nd7 10. Qf2 Ngf6 11. e5 dxe5 12. fxe5 Ng4 13. Qd2 Ngxe5 14. Bh6
Bxh6 15. Qxh6 Qc7 16. Qh4 Nf6 17. Nf3 Nxf3 18. gxf3 Bxf3 19. Bh3 Bxh1 20. Rxh1
O-O 21. Rd1 Qxh2 22. Rd2 Qg1+ 23. Rd1 Qe3+ 24. Kb1 Rfd8 25. Re1 Rd4 26. Rxe3
Rxh4 27. Bg2 0-1

[Event "Ct. Tarragona indiv. Absolut"]
[Site "L'Hospitalet de l'Infant"]
[Date "2013.10.06"]
[Round "1"]
[White "Ordobas Martinez, V."]
[Black "Pino Muñoz, F."]
[Result "1-0"]
[WhiteElo "2074"]
[BlackElo "1795"]
[PlyCount "65"]
[EventDate "2013.??.??"]
[EventType "swiss"]
[EventRounds "9"]

1. e4 c5 2. c3 Nc6 3. d4 cxd4 4. cxd4 d6 5. Nf3 Nf6 6. Nc3 Bg4 7. d5 Ne5 8.
Nxe5 dxe5 9. f3 Bd7 10. Be3 g6 11. Qb3 b6 12. Bb5 Bxb5 13. Qxb5+ Nd7 14. Bg5 h6
15. Bh4 Qc7 16. O-O a6 17. Qe2 Qd6 18. Rac1 g5 19. Bf2 Bg7 20. Na4 Qb8 21. Rc6
b5 22. Nc5 Nxc5 23. Bxc5 Qb7 24. Rb6 Qd7 25. d6 e6 26. a4 O-O 27. axb5 Rfc8 28.
Rc1 axb5 29. Qxb5 Qd8 30. Rd1 Bf8 31. b4 Rab8 32. d7 Bxc5+ 33. bxc5 1-0

[Event "Ct. Tarragona indiv. Absolut"]
[Site "L'Hospitalet de l'Infant"]
[Date "2013.10.06"]
[Round "1"]
[White "Pujol Codinach, E."]
[Black "Sanges Montfort, J."]
[Result "0-1"]
[WhiteElo "2068"]
[BlackElo "1775"]
[PlyCount "46"]
[EventDate "2013.??.??"]
[EventType "swiss"]
[EventRounds "9"]

1. c4 e5 2. Nc3 d6 3. g3 f5 4. Bg2 Nf6 5. d3 Be7 6. e4 c6 7. Nge2 O-O 8. O-O
Na6 9. h3 Nc7 10. f4 fxe4 11. dxe4 Be6 12. b3 Qd7 13. f5 Bf7 14. g4 h6 15. Bb2
Rad8 16. Qd3 d5 17. cxd5 cxd5 18. exd5 Ncxd5 19. Nxd5 Bxd5 20. Bxe5 Bc5+ 21.
Kh2 Bxg2 22. Qxd7 Nxd7 23. Kxg2 Nxe5 0-1

[Event "Ct. Tarragona indiv. Absolut"]
[Site "L'Hospitalet de l'Infant"]
[Date "2013.10.13"]
[Round "2"]
[White "Benet Morant, D."]
[Black "Cusido Rodriguez, J."]
[Result "1-0"]
[WhiteElo "2037"]
[BlackElo "1798"]
[PlyCount "65"]
[EventDate "2013.??.??"]
[EventType "swiss"]
[EventRounds "9"]

1. d4 d5 2. c4 e6 3. Nf3 c6 4. e3 f5 5. Bd3 Nf6 6. O-O Bd6 7. b3 Qe7 8. Bb2 O-O
9. Qc1 Ne4 10. Ba3 Nd7 11. Qb2 Bxa3 12. Nxa3 g5 13. Rac1 g4 14. Ne5 Nxe5 15.
dxe5 Nc5 16. Bb1 Nd7 17. f3 h5 18. f4 Nb6 19. Rfd1 Rd8 20. g3 h4 21. Kf2 Qh7
22. Rh1 h3 23. c5 Nd7 24. b4 a6 25. Nc2 Qe7 26. Nd4 Nb8 27. a4 Qc7 28. Rhd1 Kf7
29. Qe2 Bd7 30. Ba2 Ke7 31. e4 dxe4 32. Qc4 b5 33. Qb3 1-0

[Event "Ct. Tarragona indiv. Absolut"]
[Site "L'Hospitalet de l'Infant"]
[Date "2013.10.13"]
[Round "2"]
[White "Bru Rullo, L."]
[Black "Guasch Murtra, JM."]
[Result "1-0"]
[WhiteElo "2151"]
[BlackElo "1966"]
[PlyCount "35"]
[EventDate "2013.??.??"]
[EventType "swiss"]
[EventRounds "9"]

1. e4 e5 2. Nf3 Nc6 3. Nc3 Nf6 4. Bb5 Nd4 5. Ba4 Bc5 6. Nxe5 O-O 7. Nd3 Bb6 8.
e5 d5 9. exf6 Bg4 10. Qxg4 Qxf6 11. O-O c6 12. Ne2 Rae8 13. Nxd4 Re4 14. Qf3
Qxd4 15. Bb3 Bc7 16. c3 Qb6 17. Bc2 c5 18. g3 1-0

[Event "Ct. Tarragona indiv. Absolut"]
[Site "L'Hospitalet de l'Infant"]
[Date "2013.10.13"]
[Round "2"]
[White "Celma Querol, C."]
[Black "Reig Pinol, A."]
[Result "1-0"]
[WhiteElo "1818"]
[BlackElo "2031"]
[PlyCount "66"]
[EventDate "2013.??.??"]
[EventType "swiss"]
[EventRounds "9"]

1. e4 e5 2. Nf3 f5 3. d4 fxe4 4. Nxe5 Nf6 5. Nc3 d6 6. Nc4 Be7 7. Be2 O-O 8.
O-O d5 9. Ne5 c5 10. Bg5 Kh8 11. Kh1 Nc6 12. Nxc6 bxc6 13. dxc5 Rb8 14. Rb1
Bxc5 15. f3 e3 16. Na4 Bd6 17. Bxe3 Rb4 18. Nc3 Rh4 19. f4 Ng4 20. Bxg4 Bxg4
21. Qe1 Rh6 22. Qg3 Rg6 23. Qf2 d4 24. Bxd4 Rxf4 25. Qe3 Re6 26. Qd2 Rxf1+ 27.
Rxf1 Qh4 28. Bg1 h6 29. Qf2 Qh5 30. Qxa7 c5 31. Qa4 Rg6 32. Qe8+ Kh7 33. Qe4
Bd7 1-0

[Event "Ct. Tarragona indiv. Absolut"]
[Site "L'Hospitalet de l'Infant"]
[Date "2013.10.13"]
[Round "2"]
[White "Costa Berengue, J."]
[Black "Benaiges Fontanet, G."]
[Result "1/2-1/2"]
[WhiteElo "1848"]
[BlackElo "2053"]
[PlyCount "100"]
[EventDate "2013.??.??"]
[EventType "swiss"]
[EventRounds "9"]

1. e4 c6 2. d4 d5 3. Nc3 dxe4 4. Nxe4 Bf5 5. Ng3 Bg6 6. Nf3 Nd7 7. Bd3 Bxd3 8.
Qxd3 Ngf6 9. c4 Qc7 10. Bd2 e6 11. O-O Bd6 12. b4 O-O 13. Bc3 Rfe8 14. Rfe1
Rad8 15. Qc2 b5 16. c5 Bf4 17. Rad1 Nd5 18. Bd2 N7f6 19. Ne4 Bxd2 20. Nxf6+
Nxf6 21. Rxd2 Rd5 22. Rde2 Qf4 23. Ne5 Rc8 24. Rd2 Rxd4 25. Rxd4 Qxd4 26. Nxc6
Qd7 27. Ne5 Qd5 28. a4 a5 29. axb5 axb4 30. Nc6 b3 31. Qc1 Kf8 32. Rd1 Qe4 33.
Na7 b2 34. Qxb2 Rxc5 35. Qa3 Qc2 36. Rd8+ Ne8 37. g3 Qc1+ 38. Qxc1 Rxc1+ 39.
Kg2 Ke7 40. Rd4 Rb1 41. Nc8+ Kf6 42. b6 Ke5 43. Rd8 Nf6 44. Nd6 Ne4 45. b7 Nxd6
46. b8=Q Rxb8 47. Rxb8 h5 48. Rb4 f5 49. f4+ Kf6 50. Kf3 Nf7 1/2-1/2

[Event "Ct. Tarragona indiv. Absolut"]
[Site "L'Hospitalet de l'Infant"]
[Date "2013.10.13"]
[Round "2"]
[White "Fernandez Alonso, MA."]
[Black "Vicient Calvo, R."]
[Result "1-0"]
[WhiteElo "2087"]
[BlackElo "1932"]
[PlyCount "93"]
[EventDate "2013.??.??"]
[EventType "swiss"]
[EventRounds "9"]

1. d4 Nf6 2. c4 e5 3. dxe5 Ng4 4. e3 Nxe5 5. Nc3 Nbc6 6. Be2 Be7 7. Nh3 O-O 8.
Nf4 b6 9. Nfd5 Bb7 10. O-O d6 11. b3 f5 12. Bb2 Bf6 13. Nb5 Rc8 14. Nxf6+ Qxf6
15. f4 Nf3+ 16. Bxf3 Qxb2 17. Nxa7 Nxa7 18. Bxb7 Rce8 19. Bd5+ Kh8 20. Qd4 Qe2
21. Rfe1 Qg4 22. Bf3 Qg6 23. a4 Qh6 24. a5 c5 25. Qd5 bxa5 26. Rxa5 Nc8 27. g3
g5 28. Raa1 Re6 29. fxg5 Qg6 30. Bh5 Ne7 31. Bxg6 Nxd5 32. cxd5 Rxg6 33. Ra6
Rb8 34. Rf1 Rxb3 35. Rxf5 Rxe3 36. Kf2 Rd3 37. h4 c4 38. h5 Rg8 39. Rxd6 Rb8
40. Re6 c3 41. Rfe5 c2 42. Rc6 Rf8+ 43. Kg2 Rd2+ 44. Kh3 Rf1 45. Rc8+ Kg7 46.
Re7+ Rf7 47. h6+ 1-0

[Event "Ct. Tarragona indiv. Absolut"]
[Site "L'Hospitalet de l'Infant"]
[Date "2013.10.13"]
[Round "2"]
[White "Fernandez Fuentes, FX."]
[Black "Cabrera Royo, R."]
[Result "1/2-1/2"]
[WhiteElo "2119"]
[BlackElo "1935"]
[PlyCount "112"]
[EventDate "2013.??.??"]
[EventType "swiss"]
[EventRounds "9"]

1. e4 c5 2. Nf3 d6 3. Bb5+ Bd7 4. Bxd7+ Qxd7 5. O-O Nc6 6. Re1 Nf6 7. b3 g6 8.
Bb2 Bg7 9. c3 O-O 10. d4 cxd4 11. cxd4 d5 12. e5 Ne4 13. Nbd2 Nxd2 14. Qxd2 e6
15. Ba3 Rfc8 16. Re2 a5 17. Bc5 b5 18. a3 Qb7 19. h4 h5 20. Qf4 b4 21. a4 Nb8
22. g4 hxg4 23. Qxg4 Nd7 24. Bd6 Rc3 25. h5 gxh5 26. Qxh5 Rac8 27. Ng5 Nf8 28.
Kh2 Rc1 29. Rxc1 Rxc1 30. Bxf8 Kxf8 31. Nh7+ Ke8 32. Qg5 Qa6 33. Qxg7 Qxe2 34.
Qg8+ Kd7 35. Nf6+ Kc7 36. Qxf7+ Kb8 37. Nd7+ Kc8 38. Nb6+ Kb8 39. Nd7+ Kc8 40.
Nc5 Rxc5 41. Qxe6+ Kb7 42. dxc5 Qxf2+ 43. Kh3 Qxc5 44. Qd7+ Kb6 45. e6 Qe3+ 46.
Kg4 Qe4+ 47. Kg5 Qe5+ 48. Kg6 Qe4+ 49. Kf6 Qh4+ 50. Ke5 Qg5+ 51. Kd6 Qf4+ 52.
Kxd5 Qf5+ 53. Kd4 Qf4+ 54. Kd3 Qf3+ 55. Kd2 Qf2+ 56. Kd3 Qf3+ 1/2-1/2

[Event "Ct. Tarragona indiv. Absolut"]
[Site "L'Hospitalet de l'Infant"]
[Date "2013.10.13"]
[Round "2"]
[White "Guasch Figuerola, A."]
[Black "Latre Ferrer, JA."]
[Result "0-1"]
[WhiteElo "2072"]
[BlackElo "1905"]
[PlyCount "60"]
[EventDate "2013.??.??"]
[EventType "swiss"]
[EventRounds "9"]

1. e3 d5 2. d4 Bf5 3. c4 c6 4. cxd5 Bxb1 5. Rxb1 Qxd5 6. b3 e6 7. Nf3 Nf6 8.
Bd3 Bb4+ 9. Bd2 Qa5 10. O-O Bxd2 11. Nxd2 Nbd7 12. Nc4 Qc7 13. b4 e5 14. Nxe5
Nxe5 15. dxe5 Qxe5 16. b5 c5 17. b6 O-O 18. Qe2 Qe6 19. Bc4 Qc6 20. bxa7 Rxa7
21. Rfd1 b6 22. f3 Rb8 23. e4 Re7 24. Qf2 b5 25. a4 b4 26. a5 Rc8 27. Ra1 Rd7
28. Qe2 Rcd8 29. Rxd7 Qxd7 30. a6 Qd4+ 0-1

[Event "Ct. Tarragona indiv. Absolut"]
[Site "L'Hospitalet de l'Infant"]
[Date "2013.10.13"]
[Round "2"]
[White "Llort Puig, J."]
[Black "Ordobas Martinez, V."]
[Result "0-1"]
[WhiteElo "1899"]
[BlackElo "2074"]
[PlyCount "60"]
[EventDate "2013.??.??"]
[EventType "swiss"]
[EventRounds "9"]

1. e4 e5 2. Nf3 Nc6 3. Bb5 a6 4. Ba4 Nf6 5. O-O b5 6. Bb3 Be7 7. d3 d6 8. h3
Na5 9. c3 Nxb3 10. Qxb3 O-O 11. Be3 Be6 12. Qc2 c5 13. Nbd2 Qc7 14. a4 h6 15.
Rfc1 d5 16. exd5 Nxd5 17. d4 f5 18. Nb3 cxd4 19. Bd2 d3 20. Qd1 e4 21. Nfd4 Bd7
22. axb5 axb5 23. Rxa8 Rxa8 24. Ra1 Ra4 25. Rc1 Qe5 26. Qe1 Bd6 27. g3 f4 28.
Kg2 e3 29. fxe3 fxe3 30. Nf3 Qe4 0-1

[Event "Ct. Tarragona indiv. Absolut"]
[Site "L'Hospitalet de l'Infant"]
[Date "2013.10.13"]
[Round "2"]
[White "Plasencia Martinez, V."]
[Black "Ribes Cabrera, J."]
[Result "1-0"]
[WhiteElo "2191"]
[BlackElo "1972"]
[PlyCount "29"]
[EventDate "2013.??.??"]
[EventType "swiss"]
[EventRounds "9"]

1. e4 c6 2. d4 d6 3. Nc3 e6 4. f4 Nf6 5. Nf3 Be7 6. Bd3 Nbd7 7. e5 Nd5 8. Ne4
N7b6 9. c4 Nb4 10. exd6 Nxd3+ 11. Qxd3 Bh4+ 12. g3 Bf6 13. O-O O-O 14. Bd2 g6
15. Ba5 1-0

[Event "Ct. Tarragona indiv. Absolut"]
[Site "L'Hospitalet de l'Infant"]
[Date "2013.10.13"]
[Round "2"]
[White "Regue Farran, E."]
[Black "Barberans Sola, S."]
[Result "1/2-1/2"]
[WhiteElo "2053"]
[BlackElo "1838"]
[PlyCount "51"]
[EventDate "2013.??.??"]
[EventType "swiss"]
[EventRounds "9"]

1. e4 e6 2. d4 d5 3. Nc3 Nf6 4. e5 Nfd7 5. f4 c5 6. Nf3 Nc6 7. Be3 a6 8. Be2
Be7 9. O-O g5 10. dxc5 Bxc5 11. Bxc5 Nxc5 12. Nxg5 Qb6 13. Kh1 h6 14. Nf3 Qxb2
15. Qd2 Qb6 16. f5 Ne4 17. Nxe4 dxe4 18. Nh4 Qd4 19. Qf4 Qxe5 20. fxe6 Bxe6 21.
Qxe5 Nxe5 22. Rf4 O-O-O 23. Rxe4 Nc6 24. Ng6 Rhg8 25. Nf4 Rd4 26. Rxd4 1/2-1/2

[Event "Ct. Tarragona indiv. Absolut"]
[Site "L'Hospitalet de l'Infant"]
[Date "2013.10.13"]
[Round "2"]
[White "Romero Mendez, A."]
[Black "Moser, W."]
[Result "1-0"]
[WhiteElo "1979"]
[BlackElo "1900"]
[PlyCount "51"]
[EventDate "2013.??.??"]
[EventType "swiss"]
[EventRounds "9"]

1. d4 d5 2. e3 Nf6 3. f4 Nc6 4. Nf3 Bg4 5. c3 e6 6. Bd3 Be7 7. Nbd2 a6 8. O-O
Qd7 9. Qe1 Bxf3 10. Rxf3 O-O-O 11. b4 Na7 12. a4 c6 13. Ba3 Bf8 14. e4 dxe4 15.
Nxe4 Nxe4 16. Bxe4 f5 17. Bd3 Qd5 18. Qe2 b5 19. Bb2 Kb7 20. Re3 Re8 21. Re5
Qb3 22. Ra3 Qd5 23. Rxd5 cxd5 24. axb5 axb5 25. Bxb5 Ra8 26. Qxe6 1-0

[Event "Ct. Tarragona indiv. Absolut"]
[Site "L'Hospitalet de l'Infant"]
[Date "2013.10.13"]
[Round "2"]
[White "Sanchez Bernardino, MA."]
[Black "Espuny Cid, J."]
[Result "0-1"]
[WhiteElo "2029"]
[BlackElo "1705"]
[PlyCount "48"]
[EventDate "2013.??.??"]
[EventType "swiss"]
[EventRounds "9"]

1. e4 e5 2. Nf3 Nc6 3. Bb5 f5 4. Nc3 fxe4 5. Nxe4 d5 6. Nxe5 dxe4 7. Nxc6 Qg5
8. Qe2 Nf6 9. f4 Qxf4 10. d4 Qh4+ 11. g3 Qh3 12. Nxa7+ Bd7 13. Bxd7+ Qxd7 14.
Nb5 c6 15. Nc3 Qxd4 16. Be3 Qb4 17. O-O Bc5 18. Kg2 Bxe3 19. Qxe3 O-O 20. b3
Ng4 21. Qe1 Rxf1 22. Kxf1 Rf8+ 23. Kg2 Rf2+ 24. Kh3 e3 0-1

[Event "Ct. Tarragona indiv. Absolut"]
[Site "L'Hospitalet de l'Infant"]
[Date "2013.10.13"]
[Round "2"]
[White "Terreu Serra, F."]
[Black "Fernandez Soriano, R."]
[Result "1/2-1/2"]
[WhiteElo "1940"]
[BlackElo "2122"]
[PlyCount "109"]
[EventDate "2013.??.??"]
[EventType "swiss"]
[EventRounds "9"]

1. d4 d5 2. Nf3 c6 3. e3 Nf6 4. Nbd2 g6 5. Bd3 Bg7 6. O-O O-O 7. b3 Nbd7 8. h3
Re8 9. Bb2 c5 10. c4 b6 11. cxd5 Nxd5 12. Bc4 e6 13. Ne4 N7f6 14. Nxf6+ Bxf6
15. e4 Nb4 16. e5 Be7 17. a3 Nd5 18. dxc5 bxc5 19. Qd2 Bb7 20. Bb5 Rf8 21. Rad1
Qb6 22. Bc4 Rfd8 23. Qh6 Bf8 24. Qh4 Qc6 25. Ng5 h6 26. Ne4 Bg7 27. f3 g5 28.
Qf2 Nf4 29. Qxc5 Ng6 30. Bb5 Qb6 31. Qxb6 axb6 32. Nd6 Bd5 33. Nc4 Bxc4 34.
Bxc4 Nxe5 35. Bxe5 Bxe5 36. a4 Kg7 37. Kf2 Bd4+ 38. Ke2 e5 39. Rh1 h5 40. g4 f6
41. Rhf1 Rh8 42. Rh1 Rh7 43. Bd3 Rh6 44. Rc1 Bc5 45. Rc4 hxg4 46. fxg4 Kf7 47.
Be4 Ra7 48. Bg2 Rh8 49. Rd1 Bd4 50. Rdc1 Rd7 51. Rc7 Rhd8 52. Be4 Bc5 53. Rxd7+
Rxd7 54. Rd1 Rc7 55. Rc1 1/2-1/2

[Event "Ct. Tarragona indiv. Absolut"]
[Site "L'Hospitalet de l'Infant"]
[Date "2013.10.20"]
[Round "3"]
[White "Barberans Sola, S."]
[Black "Fernandez Fuentes, FX."]
[Result "0-1"]
[WhiteElo "1838"]
[BlackElo "2119"]
[PlyCount "46"]
[EventDate "2013.??.??"]
[EventType "swiss"]
[EventRounds "9"]

1. d4 Nf6 2. c4 e6 3. Nc3 Bb4 4. e3 O-O 5. Bd3 d5 6. Qc2 c5 7. a3 Bxc3+ 8. bxc3
Qc7 9. Nf3 dxc4 10. Bxc4 Nc6 11. O-O e5 12. dxe5 Nxe5 13. Nxe5 Qxe5 14. f4 Qe7
15. Bd3 Re8 16. Re1 Bd7 17. c4 Bc6 18. Bb2 Ne4 19. Re2 f6 20. Rae1 Rad8 21. Rd1
Qd7 22. Red2 Nxd2 23. Rxd2 Be4 0-1

[Event "Ct. Tarragona indiv. Absolut"]
[Site "L'Hospitalet de l'Infant"]
[Date "2013.10.20"]
[Round "3"]
[White "Benaiges Fontanet, G."]
[Black "Terreu Serra, F."]
[Result "1/2-1/2"]
[WhiteElo "2053"]
[BlackElo "1940"]
[PlyCount "23"]
[EventDate "2013.??.??"]
[EventType "swiss"]
[EventRounds "9"]

1. d4 d5 2. Nf3 e6 3. g3 f5 4. Bg2 Nf6 5. O-O Bd6 6. c4 c6 7. Bg5 Nbd7 8. Nc3
O-O 9. Qb3 h6 10. Bf4 Bxf4 11. gxf4 Ne4 12. e3 1/2-1/2

[Event "Ct. Tarragona indiv. Absolut"]
[Site "L'Hospitalet de l'Infant"]
[Date "2013.10.20"]
[Round "3"]
[White "Cabrera Royo, R."]
[Black "Regue Farran, E."]
[Result "0-1"]
[WhiteElo "1935"]
[BlackElo "2053"]
[PlyCount "52"]
[EventDate "2013.??.??"]
[EventType "swiss"]
[EventRounds "9"]

1. d4 d5 2. Nf3 Nf6 3. c4 e6 4. Nc3 c5 5. e3 Nc6 6. Bd3 cxd4 7. exd4 Be7 8. O-O
O-O 9. Bg5 h6 10. Bh4 dxc4 11. Bxc4 Qb6 12. Bb3 Rd8 13. d5 Nb4 14. Na4 Qa5 15.
Bxf6 Bxf6 16. Rc1 b6 17. d6 Ba6 18. Re1 Nd3 19. Nc3 Bxc3 20. Rxc3 Nxe1 21. Nxe1
Qe5 22. d7 Rxd7 23. Qc1 Qe2 24. Nf3 Rad8 25. Re3 Rd1+ 26. Bxd1 Qf1# 0-1

[Event "Ct. Tarragona indiv. Absolut"]
[Site "L'Hospitalet de l'Infant"]
[Date "2013.10.20"]
[Round "3"]
[White "Cusido Rodriguez, J."]
[Black "Guasch Figuerola, A."]
[Result "0-1"]
[WhiteElo "1798"]
[BlackElo "2072"]
[PlyCount "60"]
[EventDate "2013.??.??"]
[EventType "swiss"]
[EventRounds "9"]

1. d4 c5 2. d5 e5 3. e4 d6 4. Nc3 g6 5. Nf3 Bg7 6. Bb5+ Nd7 7. a4 Ne7 8. O-O
O-O 9. Qe2 Nf6 10. Rb1 Nh5 11. Bd2 Bg4 12. h3 Bxf3 13. Qxf3 f5 14. Bc4 Rc8 15.
Bg5 Bf6 16. Bxf6 Rxf6 17. g3 fxe4 18. Qxe4 Nf5 19. Ne2 Nd4 20. Nxd4 cxd4 21.
Be2 Rf5 22. Bg4 Nf6 23. Qe2 Nxg4 24. hxg4 Rf7 25. f4 Qb6 26. Kh2 Qc5 27. Rbc1
Qxd5 28. fxe5 Rxf1 29. Rxf1 dxe5 30. Qf2 e4 0-1

[Event "Ct. Tarragona indiv. Absolut"]
[Site "L'Hospitalet de l'Infant"]
[Date "2013.10.20"]
[Round "3"]
[White "Esplugas Esteve, V."]
[Black "Romero Mendez, A."]
[Result "1-0"]
[WhiteElo "2231"]
[BlackElo "1979"]
[PlyCount "95"]
[EventDate "2013.??.??"]
[EventType "swiss"]
[EventRounds "9"]

1. d4 d5 2. c4 e6 3. Nc3 f5 4. h3 Nf6 5. g4 c6 6. Nf3 Bd6 7. Qb3 fxg4 8. hxg4
Nxg4 9. Qc2 Nf6 10. Ng5 Qe7 11. Nxh7 Nxh7 12. Rxh7 Rxh7 13. Qxh7 Nd7 14. Bd2
Nf6 15. Qh8+ Qf8 16. Qh4 Bd7 17. O-O-O O-O-O 18. c5 Bc7 19. Bf4 Bxf4+ 20. Qxf4
Qe7 21. f3 Rf8 22. Qh2 Ne8 23. b4 Nc7 24. Kb2 Qf6 25. Qg3 Be8 26. Bh3 Bh5 27.
a4 Qh6 28. b5 Be8 29. b6 axb6 30. cxb6 Na6 31. Qd6 Rf6 32. Rc1 Bd7 33. Nxd5 Rf7
34. Nc7 Qf4 35. Qxf4 Rxf4 36. Nxa6 bxa6 37. Kc3 Kb7 38. a5 Rh4 39. Bg4 Rh2 40.
Kd3 Rh8 41. Rc5 Re8 42. Rg5 Re7 43. Rg6 Bc8 44. Ke4 Bd7 45. Ke5 Kc8 46. Kd6 Rf7
47. Rxe6 Kb7 48. Re7 1-0

[Event "Ct. Tarragona indiv. Absolut"]
[Site "L'Hospitalet de l'Infant"]
[Date "2013.10.20"]
[Round "3"]
[White "Espuny Cid, J."]
[Black "Fernandez Alonso, MA."]
[Result "0-1"]
[WhiteElo "1705"]
[BlackElo "2087"]
[PlyCount "94"]
[EventDate "2013.??.??"]
[EventType "swiss"]
[EventRounds "9"]

1. e4 c5 2. c3 Nf6 3. e5 Nd5 4. d4 e6 5. Nf3 cxd4 6. cxd4 Be7 7. Nc3 Nxc3 8.
bxc3 d6 9. Ba3 Qc7 10. Qd2 Nc6 11. exd6 Bxd6 12. Bxd6 Qxd6 13. Bd3 b6 14. O-O
Bb7 15. Rfe1 O-O-O 16. Qe3 h6 17. Ne5 Nxe5 18. Qxe5 Qxe5 19. Rxe5 Rd6 20. f4 g6
21. a4 a6 22. Kf2 Kb8 23. Be2 Rc8 24. Ra3 Ka7 25. Re3 Bd5 26. Rh3 h5 27. Re3
Kb7 28. Re5 Bc4 29. Bf3+ Ka7 30. Re3 Rd7 31. Ke1 Bd5 32. Kd2 Bxf3 33. Rxf3 Rd5
34. Rf1 Rf5 35. Ke3 Ra5 36. Rfa1 Kb7 37. Kd3 Rd5 38. Rb1 Rcd8 39. Rab3 R8d6 40.
Ke4 Kc7 41. Ke3 Rc6 42. Kd3 Rcd6 43. Ke4 f6 44. Rb4 Rc6 45. R4b3 Ra5 46. Rb4
Rxc3 47. Rxb6 f5# 0-1

[Event "Ct. Tarragona indiv. Absolut"]
[Site "L'Hospitalet de l'Infant"]
[Date "2013.10.20"]
[Round "3"]
[White "Fernandez Soriano, R."]
[Black "Costa Berengue, J."]
[Result "1-0"]
[WhiteElo "2122"]
[BlackElo "1848"]
[PlyCount "101"]
[EventDate "2013.??.??"]
[EventType "swiss"]
[EventRounds "9"]

1. d4 Nf6 2. Bg5 Ne4 3. Bf4 d5 4. f3 Nf6 5. c4 e6 6. Nc3 c6 7. a3 Bd6 8. Bg5
Be7 9. Qd3 dxc4 10. Qxc4 Nd5 11. Bd2 Bg5 12. Qd3 Bxd2+ 13. Qxd2 Qe7 14. e4 Nxc3
15. Qxc3 O-O 16. f4 a5 17. Nf3 b5 18. Qc2 b4 19. a4 Bb7 20. Bd3 Na6 21. Rc1
Rac8 22. Bxa6 Bxa6 23. Qc5 Qxc5 24. Rxc5 Bd3 25. Nd2 Rfd8 26. Kf2 Rxd4 27. Ke3
Rdd8 28. Rhc1 b3 29. Nxb3 Rb8 30. Nd4 Rb4 31. Nxc6 Rxe4+ 32. Kf3 Re8 33. Ne5
Rd4 34. Ke3 Red8 35. Rd1 Re4+ 36. Kf3 Be2+ 37. Kxe4 Bxd1 38. Rxa5 Bc2+ 39. Ke3
f6 40. Nf3 Rb8 41. Rb5 Ra8 42. a5 Ba4 43. Rc5 Ra6 44. b4 Bc6 45. g3 Bd5 46. Nd4
Kf7 47. Rc7+ Kg6 48. g4 f5 49. g5 h6 50. h4 h5 51. Nf3 1-0

[Event "Ct. Tarragona indiv. Absolut"]
[Site "L'Hospitalet de l'Infant"]
[Date "2013.10.20"]
[Round "3"]
[White "Latre Ferrer, JA."]
[Black "Bru Rullo, L."]
[Result "0-1"]
[WhiteElo "1905"]
[BlackElo "2151"]
[PlyCount "87"]
[EventDate "2013.??.??"]
[EventType "swiss"]
[EventRounds "9"]

1. d4 d5 2. c4 e6 3. Nc3 c6 4. cxd5 exd5 5. Nf3 Nf6 6. Bg5 Nbd7 7. e3 Bd6 8.
Bd3 Nf8 9. h3 Ng6 10. Qc2 O-O 11. a3 h6 12. Bxf6 Qxf6 13. b4 Re8 14. Kf1 Be6
15. e4 dxe4 16. Nxe4 Qd8 17. Nxd6 Qxd6 18. Bxg6 fxg6 19. Rd1 Rad8 20. Ne5 Bf5
21. Qc4+ Qd5 22. Qxd5+ Rxd5 23. f4 Red8 24. Nf3 Be4 25. Kf2 Bxf3 26. Kxf3 Rxd4
27. Rxd4 Rxd4 28. Ke3 Rd5 29. g4 Kf7 30. Rc1 g5 31. Rc3 Kf6 32. Ke4 gxf4 33.
Kxf4 a5 34. bxa5 Rxa5 35. Rb3 Ra4+ 36. Kf3 b5 37. Rc3 Ke5 38. Rxc6 Rxa3+ 39.
Kg2 Kf4 40. Rb6 Ra2+ 41. Kf1 Kf3 42. Kg1 Kg3 43. Kf1 Kxh3 44. Rxb5 0-1